José Martí, profeta de la teología de la liberación

Сохранить в:
Библиографические подробности
Главный автор: Cepeda, Rafael
Соавтор: Departamento Ecuménico de Investigaciones (DEI)
Формат:
Язык:Spanish
Опубликовано: San José Costa Rica DEI 1988
Предметы:
Метки: Добавить метку
Нет меток, Требуется 1-ая метка записи!

MARC

LEADER 00000nam a22000007a 4500
003 cru CIDCACS/IIS
005 20180917112900.0
008 180917b1988 cr ||||| |||| 00| 0 spa d
999 |c 41698  |d 41698 
040 4 |c cru CIDCACS/IIS 
090 4 |a REV0750 (16) 1988 
100 1 |9 7708  |a Cepeda, Rafael 
110 2 |9 7636  |a Departamento Ecuménico de Investigaciones (DEI) 
245 1 |a José Martí, profeta de la teología de la liberación  |c Rafael Cepeda 
260 |a San José Costa Rica  |b DEI  |c 1988 
300 |a 1-5 páginas 
650 1 7 |2 Macrotesauro OCDE  |9 3285  |a TEOLOGIA DE LA LIBERACION 
650 1 7 |2 Macrotesauro OCDE  |a PARTIDO COMUNISTA  |9 7170 
650 1 0 |a CLERO  |9 621 
651 1 7 |9 1846  |a CUBA 
651 1 7 |9 17  |a AMERICA LATINA 
773 0 |0 41641  |9 2259  |a Departamento Ecuménico de Investigaciones (DEI)  |d San José, Costa Rica Departamento Ecuménico de Investigaciones (DEI)  |o 20046  |t Pasos / 
942 |2 ddc  |c PP